000 00634nam a2200217 a 4500
999 _c1
_d1
008 190719s2016||||uk a|||gd|||| 0|| ||eng|d
020 _a9781908833846
_c£ 95.00
040 _aKO
_beng
041 0 _aeng
044 _axxk
082 0 4 _a343.096
_bIn752
_223
110 _aInstitute of Chartered Shipbrokers
245 0 _aLegal Principles in Shipping Business /
_cInstitute of Chartered Shipbrokers
250 _a2016th ed.
260 _aLondon :
_bInstitute of Chartered Shipbrokers,
_c2016
300 _ax, 362 p. :
_bcol. ill. ;
_c30 cm.
650 _aMaritime law
_vTextbooks
904 _aS_JOY
942 _2ddc
_cBK